<?xml version="1.0" encoding="UTF-8"?>
<collection xmlns="http://www.loc.gov/MARC21/slim">
 <record>
  <leader>02601nam a2200265 a 4500</leader>
  <controlfield tag="001">1/55503</controlfield>
  <controlfield tag="008">221205s2013    gr       b    000 | gre d</controlfield>
  <datafield tag="020" ind1=" " ind2=" ">
   <subfield code="a">9789609443180</subfield>
  </datafield>
  <datafield tag="040" ind1=" " ind2=" ">
   <subfield code="a">GR-PeUP</subfield>
  </datafield>
  <datafield tag="082" ind1="0" ind2="0">
   <subfield code="a">338.04 ΚΑΙ</subfield>
  </datafield>
  <datafield tag="245" ind1="0" ind2="0">
   <subfield code="a">Καινοτομώ επιχειρώ /</subfield>
   <subfield code="c">επιμέλεια έκδοσης Σπύρος Λιούκας.</subfield>
  </datafield>
  <datafield tag="260" ind1=" " ind2=" ">
   <subfield code="a">Αθήνα :</subfield>
   <subfield code="b">Εταιρεία Αξιοποιήσεως και Διαχειρίσεως της Περιουσίας του ΟΠΑ,</subfield>
   <subfield code="c">2013.</subfield>
  </datafield>
  <datafield tag="300" ind1=" " ind2=" ">
   <subfield code="a">502 σ. : </subfield>
   <subfield code="b">διαγρ., σχ., πίν. ;</subfield>
   <subfield code="c">25 εκ. + 1CD-ROM</subfield>
  </datafield>
  <datafield tag="500" ind1=" " ind2=" ">
   <subfield code="a">Σημείωση:Στο συνοδευτικό cd-rom αναφέρονται μελέτες περίπτωσης αναφορικά με επιχειρηματικές πρωτοβουλίες για πράσινη επιχειρηματικότητα, κοινωνική επιχειρηματικότητα, καθώς επίσης και μελέτες περίπτωσης αναφορικά με επιχειρήσεις που πέτυχαν σε περίοδο κρίσης.Η Μονάδα Καινιτομίας και Επιχειρηματικότητας (ΜΚΕ) του Οικονομικού Πανεπιστημίου Αθηνών έχει ως σκοπό να καλλιεργήσει το επιχειρηματικό πνεύμα της πανεπιστημιακής κοινότητας, να ενθαρρύνει θετικές στάσεις απέναντι στην επιχειρηματικότητα τόσο από τους φοιτητές όσο και από τους πτυχιούχους. Αναπτύσσει συνεργασίες με την αγορά και άλλες πρωτοβουλίες. Προωθεί την ανάληψη επιχειρηματικής δράσης μέσα από ζωντανά παραδείγματα, διαγωνισμούς ιδεών, καθοδήγησης ομάδων και υποστήριξη στα πρώτα στάδια υλοποίησης επιχειρηματικών σχεδίων.</subfield>
  </datafield>
  <datafield tag="504" ind1=" " ind2=" ">
   <subfield code="a">Περιλαμβάνει βιβλιογραφικές αναφορές.</subfield>
  </datafield>
  <datafield tag="650" ind1=" " ind2="0">
   <subfield code="a">Enterprise</subfield>
   <subfield code="x">Business.</subfield>
  </datafield>
  <datafield tag="650" ind1=" " ind2="0">
   <subfield code="a">Innovation.</subfield>
  </datafield>
  <datafield tag="650" ind1=" " ind2="0">
   <subfield code="a">Sustainable development.</subfield>
  </datafield>
  <datafield tag="650" ind1=" " ind2="4">
   <subfield code="a">Επιχειρήσεις, Μικρομεσαίες.</subfield>
  </datafield>
  <datafield tag="650" ind1=" " ind2="4">
   <subfield code="a">Καινοτομία.</subfield>
  </datafield>
  <datafield tag="650" ind1=" " ind2="4">
   <subfield code="a">Αειφόρος ανάπτυξη.</subfield>
  </datafield>
  <datafield tag="650" ind1=" " ind2="4">
   <subfield code="a">Οικονομία.</subfield>
  </datafield>
  <datafield tag="700" ind1="1" ind2=" ">
   <subfield code="a">Λιούκας, Σπύρος.</subfield>
  </datafield>
  <datafield tag="852" ind1=" " ind2=" ">
   <subfield code="a">INST</subfield>
   <subfield code="b">UNIPILB</subfield>
   <subfield code="c">MAIN</subfield>
   <subfield code="e">20221205</subfield>
   <subfield code="h">338.04 ΚΑΙ</subfield>
   <subfield code="p">00188235</subfield>
   <subfield code="q">00188235</subfield>
   <subfield code="t">MAIN</subfield>
   <subfield code="y">0</subfield>
   <subfield code="4">1</subfield>
  </datafield>
  <datafield tag="960" ind1=" " ind2=" ">
   <subfield code="a">ΑΛΜΠΑΝΗ ΤΑΝΙΑ</subfield>
  </datafield>
 </record>
</collection>
